Cubism Constuctivism Form Art [exhibition Belvedere, Vienna, from March 10 to June 19, 2016]
| Corporate Author: | |
|---|---|
| Other Authors: | , |
| Format: | Book |
| Language: | English |
| PhysicalDescription: | 311 s. fotogr. 30 cm |
| Published: |
Vienna Munich London New York
Prestel
2016
|
| ISBN: | 9783791355474 3903114014 9783903114012 9783791355467 9783903114005 |
| Subjects: |
MARC
| LEADER | 00000cam a2200000 a 4500 | ||
|---|---|---|---|
| 001 | vtls011569696 | ||
| 003 | SK-MaSNL | ||
| 005 | 20260302014739.0 | ||
| 008 | 160727s2016 au o 001 0deng | ||
| 020 | |a 9783791355474 |q (viazané) | ||
| 020 | |a 3903114014 |q (English museum edition) | ||
| 020 | |a 9783903114012 |q (English museum edition) | ||
| 020 | |a 9783791355467 |q (German trade edition) | ||
| 020 | |a 9783903114005 |q (German museum edition) | ||
| 040 | |a SNK |b slo |c SNK |e AACR2 | ||
| 041 | 0 | |a eng | |
| 044 | |a au |c AT |a gw |c DE | ||
| 072 | 7 | |a 7.01/.09 |x Umenie |2 konspekt | |
| 080 | |a 7.037.2 |2 2011 | ||
| 080 | |a 7.038.11 |2 2011 | ||
| 080 | |a 069.9 |2 2011 | ||
| 080 | |a (083.82) |2 2011 | ||
| 245 | 0 | 0 | |a Cubism Constuctivism Form Art |b [exhibition Belvedere, Vienna, from March 10 to June 19, 2016] |c edited by Agnes Husslein-Arco and Alexander Klee |
| 260 | |a Vienna |a Munich |a London |a New York |b Prestel |c 2016 | ||
| 300 | |a 311 s. |b fotogr. |c 30 cm | ||
| 504 | |a Obsahuje bibliogr. ; reg. | ||
| 650 | 0 | 7 | |a kubizmus |2 SNKPH |9 21980 |
| 650 | 0 | 7 | |a konštruktivizmus (umenie) |2 SNKPH |9 101600 |
| 650 | 0 | 7 | |a výstavy |2 SNKPH |9 2780 |
| 650 | 0 | 7 | |a Cubism |2 SNKPHeng |9 427643 |
| 650 | 0 | 7 | |a constructivism (art) |2 SNKPHeng |9 341750 |
| 650 | 0 | 7 | |a Exhibitions |2 SNKPHeng |9 268037 |
| 655 | 7 | |a katalógy |2 SNKPH |9 60821 | |
| 655 | 7 | |a Catalogs |2 SNKPHeng |9 266059 | |
| 700 | 1 | |a Husslein-Arco, Agnes |4 edt |9 659712 | |
| 700 | 1 | |a Klee, Alexander |4 edt |9 659713 | |
| 710 | 2 | |a Österreichische Galerie Belvedere |9 659714 | |
| 752 | |a Rakúsko |d Viedeň | ||
| 752 | |a Nemecko |d Mníchov | ||
| 752 | |a Anglicko |d Londýn | ||
| 919 | |a 978-3-7913-5547-4 | ||
| 958 | |a NB | ||
| 999 | |c 1018128 |d 1020058 | ||
| 952 | |a SNK |b SNK |y VYP |7 0 |p 17A1125113 |o snkIB 73148 |i snk2016/17951 |8 3 |g 59.82 |0 0 |1 0 |4 0 |d 2016-07-27 |l 0 |r 2026-02-24 13:15:05 |w 2026-02-24 | ||


